| 000 | 00000nam##2200000za#4500 |
| 001 | 9.569128 |
| 003 | CaOODSP |
| 005 | 20210624181621 |
| 007 | cr ||||||||||| |
| 008 | 150406|2001||||xxc|||||o f|0| 0 eng|d |
| 040 | |aCaOODSP|beng |
| 043 | |an-cn--- |
| 086 | 1 |aBT31-4/10-2001E-PDF |
| 110 | 1 |aCanada. |bTreasury Board. |
| 245 | 10|aCanada Customs and Revenue Agency, performance report for the period ending March 31, 2001 |h[electronic resource] |
| 246 | 1 |iAdditional title (within publication) : |aCCRA performance report : 2000-2001 annual report to Parliament |
| 260 | |aOttawa - Ontario : |bTreasury Board of Canada Secretariat |cc2001. |
| 300 | |a99p.|bcoloured figs., glossary, graphs, organization chart, tables, photographs |
| 490 | 1 |aPerformance report for the period ending March 31, 2001 |vFor the period ending March 31, 2001 |
| 500 | |aThe catalogue number (BT31-4/10-2001) and ISBN (0-660-61658-0) for the bilingual print edition have been incorrectly copied in this electronic publication. -- "Accountability"--p.7 of 99. |
| 590 | |a11-04-Supp|b2011-02-17 |
| 775 | 08|tAgence des douanes et du revenu du Canada, rapport sur le rendement pour la période se terminant le 31 mars 2001 |w(CaOODSP)9.600367 |
| 776 | 0#|tCanada Customs and Revenue Agency |w(CaOODSP)9.535476 |
| 776 | 0#|tAgence des douanes et du revenu du Canada |w(CaOODSP)9.535477 |
| 830 | #0|aPerformance report for the period ending March 31, 2001 ;|vFor the period ending March 31, 2001|w(CaOODSP)9.506311 |
| 856 | 40|ahttp://publications.gc.ca|qPDF|s4 MB|uhttps://publications.gc.ca/collections/Collection/BT31-4-10-2001E.pdf|yFor the period ending March 31, 2001 |